000 00325nam a2200133 i 4500
001 bg
100 1 _aMOŁODKIEWICZ, Barbara
245 0 _aLaboratorium podstaw miernictwa /
_cBarbara Mołodkiewicz.
260 _aGdańsk,
_c1978.
040 _cBPK
041 _apol
942 _cKS
008 s pl f |000 0 pol
999 _c9878
_d9878
856 _uhttp://koha.tu.koszalin.pl/cgi-bin/koha/opac-detail.pl?biblionumber=9878
_yKatalog online BPK